| 000 | 00731nam a22002297a 4500 | ||
|---|---|---|---|
| 008 | 131127b xxu||||| |||| 00| 0 eng d | ||
| 020 | _a632-05700-9 | ||
| 024 | _cAvailable | ||
| 037 | _cAvailable | ||
| 040 |
_aMBSTU LIBRARY _dMBSTU LIBRARY |
||
| 082 |
_222 _a574.5263 MAN |
||
| 100 | _aEdited Richard A Vollenweider. | ||
| 245 | _aA Manual on methods for measuring primary. | ||
| 260 |
_aLondon. _bInternational Biological Programme. _c1969 |
||
| 300 |
_a26 cm. _b213 page _f1 _g26 cm. |
||
| 600 | _2Aquatic environment. | ||
| 650 | _2Aquatic environment. | ||
| 700 | _aEdited Richard A Vollenweider. | ||
| 270 |
_aLondon _bLondon. _dUK. |
||
| 942 |
_2ddc _cBK |
||
| 999 |
_c889 _d889 |
||